ARDUINO AND KINECT PROJECTS DESIGN BUILD BLOW THEIR MINDS / (Record no. 589798)
[ view plain ]
| 000 -LEADER | |
|---|---|
| fixed length control field | 00395nam a22001457a 4500 |
| 020 ## - INTERNATIONAL STANDARD BOOK NUMBER | |
| Qualifying information | PB. |
| 040 ## - CATALOGING SOURCE | |
| Transcribing agency | FIZZA ISHAQ |
| 082 ## - DEWEY DECIMAL CLASSIFICATION NUMBER | |
| Classification number | 629.895 |
| Author Mark | ENR |
| 100 ## - MAIN ENTRY--PERSONAL NAME | |
| Personal name | MELGAR, RAMOS ENRIQUE. |
| 9 (RLIN) | 91655 |
| 245 ## - TITLE STATEMENT | |
| Title | ARDUINO AND KINECT PROJECTS DESIGN BUILD BLOW THEIR MINDS / |
| Statement of responsibility, etc. | ENRIQUE RAMOS MELGAR. |
| 250 ## - EDITION STATEMENT | |
| Edition statement | 1st ED. |
| 260 ## - PUBLICATION, DISTRIBUTION, ETC. | |
| Place of publication, distribution, etc. | NEW YORK ; |
| Name of publisher, distributor, etc. | APRESS, |
| Date of publication, distribution, etc. | 2012. |
| 300 ## - PHYSICAL DESCRIPTION | |
| Extent | 416 P. ; |
| 942 ## - ADDED ENTRY ELEMENTS (KOHA) | |
| Source of classification or shelving scheme | |
| Koha item type | Book |
| Withdrawn status | Lost status | Source of classification or shelving scheme | Damaged status | Not for loan | Permanent Location | Current Location | Date acquired | Total Checkouts | Full call number | Barcode | Date last seen | Price effective from | Koha item type |
|---|---|---|---|---|---|---|---|---|---|---|---|---|---|
| NUST Baluchistan Campus (NBC) | NUST Baluchistan Campus (NBC) | 05/18/2022 | 629.895 ENR | Q-5176 | 05/18/2022 | 05/18/2022 | Book |
